Al límite: recuperar el control de tu vida y aprende a vivir en equilibrio (Registro nro. 3951)
[ vista simple ]
| 000 -Cabecera | |
|---|---|
| Campo de control de longitud fija | 00569nam a22002057a 4500 |
| 005 - Fecha y hora de la última transacción | |
| Campo de control | 20231010163727.0 |
| 008 - Elementos de longitud fija--Información general | |
| Campo de control de longitud fija | 150313b xxu||||| |||| 00| 0 spa d |
| 041 ## - Idioma | |
| Código de idioma | |
| 082 ## - Clasificación Decimal Dewey | |
| Número de clasificación | 155.23 D773h |
| 100 ## - Entrada principal--Autor personal | |
| Nombre personal | Dresel, Walter |
| 9 (RLIN) | 11591 |
| 245 ## - Título propiamente dicho | |
| Título | Al límite: recuperar el control de tu vida y aprende a vivir en equilibrio |
| 260 ## - Pie de imprenta | |
| Lugar de publicación, distribución, etc. | España |
| Nombre del editor, distribuidor, etc. | Planeta |
| Fecha de publicación, distribución, etc. | 2013 |
| 300 ## - Descripción física | |
| Extensión | 325 páginas |
| 650 ## - Materia general | |
| Temática (materia general) | SUPERACION PERSONAL |
| 650 ## - Materia general | |
| Temática (materia general) | VIVIR |
| 650 ## - Materia general | |
| Temática (materia general) | CALIDAD DE VIDA |
| 650 ## - Materia general | |
| Temática (materia general) | APARENCIAS |
| 650 ## - Materia general | |
| Temática (materia general) | ERRORES |
| 942 ## - Punto de acceso adicional KOHA | |
| Tipo de ítem KOHA | Literatura |
| Fuente del sistema de clasificación o colocación | Dewey Decimal Classification |
| Signatura completa | Código de barras | Tipo de ítem |
|---|---|---|
| 155.23 D773h | 19181 | Literatura |